पंचयज्ञाद्वारे परम वैभव भारतीय जीवन द्रुष्टी: आधुनिक संदर्भ (Record no. 370652)
[ view plain ]
| 000 -LEADER | |
|---|---|
| fixed length control field | 00590nam a22001697a 4500 |
| 005 - DATE AND TIME OF LATEST TRANSACTION | |
| control field | 20260310124429.0 |
| 008 - FIXED-LENGTH DATA ELEMENTS--GENERAL INFORMATION | |
| fixed length control field | 260310b |||||||| |||| 00| 0 eng d |
| 020 ## - INTERNATIONAL STANDARD BOOK NUMBER | |
| International Standard Book Number | 978-93-91558-41-3 |
| 041 ## - LANGUAGE CODE | |
| Language code of text/sound track or separate title | Marathi |
| 082 ## - DEWEY DECIMAL CLASSIFICATION NUMBER | |
| Classification number | X 891 SON B12298 |
| 100 ## - MAIN ENTRY--PERSONAL NAME | |
| Author | सोनी, सुरेश |
| 245 ## - TITLE STATEMENT | |
| Title | पंचयज्ञाद्वारे परम वैभव भारतीय जीवन द्रुष्टी: आधुनिक संदर्भ |
| 260 ## - PUBLICATION, DISTRIBUTION, ETC. | |
| Place of publication, distribution, etc. | Pune |
| Name of publisher, distributor, etc. | Bharatiya Vichar Sadhana |
| Date of publication, distribution, etc. | 2021 |
| 300 ## - PHYSICAL DESCRIPTION | |
| Extent | 36p |
| Other physical details | pb |
| 365 ## - TRADE PRICE | |
| Price type code | Rupaye |
| Price amount | 40 |
| Currency code | INR |
| 942 ## - ADDED ENTRY ELEMENTS (KOHA) | |
| Koha item type | Books |
| Withdrawn status | Lost status | Source of classification or shelving scheme | Damaged status | Not for loan | Home library | Current library | Date acquired | Vendor | Net Price | Bill number | Total Checkouts | Full call number | Barcode | Date last seen | Discount | Actual Price | Bill Date | Koha item type | Original Barcode |
|---|---|---|---|---|---|---|---|---|---|---|---|---|---|---|---|---|---|---|---|
| Dewey Decimal Classification | Smt. Bakul Tambat Institute of Nursing Education | Smt. Bakul Tambat Institute of Nursing Education | 16/02/2026 | Bhartiya Vichar Sadhana Foundation | 28.00 | HO/IN/606 | X 891 SON B12298 | BTIN-BK-12298 | 10/03/2026 | 12 | 40.00 | 19/01/2026 | Books | BTIN-BK-12298 |